Rising crane count sparks City fears (Record no. 60144)
[ view plain ]
| 000 -LEADER | |
|---|---|
| fixed length control field | 00822cam a2200241 4500 |
| 001 - CONTROL NUMBER | |
| control field | ABS61338 |
| 008 - FIXED-LENGTH DATA ELEMENTS--GENERAL INFORMATION | |
| fixed length control field | 000000n1999 000 0 eng u |
| 035 ## - SYSTEM CONTROL NUMBER | |
| System control number | (Sirsi) u100542 |
| 100 ## - MAIN ENTRY--PERSONAL NAME | |
| Personal name | Catalano, A. |
| 245 ## - TITLE STATEMENT | |
| Title | Rising crane count sparks City fears |
| 260 ## - PUBLICATION, DISTRIBUTION, ETC. | |
| Date of publication, distribution, etc. | 1999 |
| 490 ## - SERIES STATEMENT | |
| Series statement | Estates Gazette |
| Volume/sequential designation | 9 October 1999, 64-65(2) |
| 520 ## - SUMMARY, ETC. | |
| Summary, etc. | Recent figures on the amount of speculative office development have raised fears that the City is on the edge of an unsustainable development boom. Table and graph. |
| 590 ## - LOCAL NOTE (RLIN) | |
| Local note | ABS |
| 650 ## - SUBJECT ADDED ENTRY--TOPICAL TERM | |
| Topical term or geographic name entry element | OFFICE DEVELOPMENT |
| 650 ## - SUBJECT ADDED ENTRY--TOPICAL TERM | |
| Topical term or geographic name entry element | SPECULATIVE DEVELOPMENT |
| 650 ## - SUBJECT ADDED ENTRY--TOPICAL TERM | |
| Topical term or geographic name entry element | CITY OF LONDON |
| 650 ## - SUBJECT ADDED ENTRY--TOPICAL TERM | |
| Topical term or geographic name entry element | CENTRAL LONDON |
| 650 ## - SUBJECT ADDED ENTRY--TOPICAL TERM | |
| Topical term or geographic name entry element | STATISTICS |
| 690 ## - LOCAL SUBJECT ADDED ENTRY--TOPICAL TERM (OCLC, RLIN) | |
| Topical term or geographic name as entry element | PROPERTY-COMMERCIAL PROPERTY-COMMERCIAL PROPERTY FINANCE AND INVESTMENT |
| 700 ## - ADDED ENTRY--PERSONAL NAME | |
| Personal name | Lopatin, M. |
| 942 ## - ADDED ENTRY ELEMENTS (KOHA) | |
| Suppress in OPAC | 0 |
| Withdrawn status | Lost status | Source of classification or shelving scheme | Damaged status | Not for loan | Home library | Current library | Shelving location | Date acquired | Total Checkouts | Full call number | Barcode | Date last seen | Copy number | Price effective from | Koha item type |
|---|---|---|---|---|---|---|---|---|---|---|---|---|---|---|---|
| Dewey Decimal Classification | London | London | Journal article | 18/10/1999 | ABS61338 | 100542-1001 | 06/08/2019 | 1 | 06/08/2019 | Journal article |